[Event "Harrogate 4NCL op-A 21st"]
[Site "Harrogate"]
[Date "2019.01.20"]
[Round "4"]
[White "Jarmany, John"]
[Black "Gardiner, Eric D"]
[Result "1/2-1/2"]
[WhiteElo "2109"]
[BlackElo "1926"]
[PlyCount "51"]
[EventDate "2019.01.18"]
[EventType "swiss"]
[EventRounds "5"]
[EventCountry "ENG"]
[SourceTitle "CBM 188 Extra"]
[Source "ChessBase"]
[SourceDate "2019.02.26"]
[SourceVersion "1"]
[SourceVersionDate "2019.02.26"]
[SourceQuality "1"]

1. c4 e5 2. Nc3 Bb4 3. Nf3 Bxc3 4. bxc3 e4 5. Nd4 d6 6. d3 Nf6 7. Bg5 exd3 8. Qxd3 0-0 9. e3 Nbd7 10. Be2 Nc5 11. Qc2 Bd7 12. 0-0 Qe7 13. Bf3 h6 14. Bh4 g5 15. Bg3 Nfe4 16. Rab1 Rab8 17. Rfe1 Ba4 18. Nb3 Rfe8 19. Bd1 Qf6 20. Rc1 Nxg3 21. hxg3 Bc6 22. Nxc5 dxc5 23. Qe2 Rbd8 24. Bc2 Rd6 25. Red1 Red8 26. Rxd6 1/2-1/2

[Event "Harrogate 4NCL op-A 21st"]
[Site "Harrogate"]
[Date "2019.01.19"]
[Round "2"]
[White "Jarmany, John"]
[Black "Wells, Peter K"]
[Result "0-1"]
[WhiteElo "2109"]
[BlackElo "2405"]
[PlyCount "74"]
[EventDate "2019.01.18"]
[EventType "swiss"]
[EventRounds "5"]
[EventCountry "ENG"]
[SourceTitle "CBM 188 Extra"]
[Source "ChessBase"]
[SourceDate "2019.02.26"]
[SourceVersion "1"]
[SourceVersionDate "2019.02.26"]
[SourceQuality "1"]

1. d4 Nf6 2. c4 e6 3. Nc3 Bb4 4. Qc2 0-0 5. Nf3 d5 6. cxd5 exd5 7. Bg5 h6 8. Bh4 c5 9. dxc5 g5 10. Bg3 Ne4 11. e3 Nd7 12. Be2 Ndxc5 13. Nd4 Qe7 14. 0-0 Bxc3 15. bxc3 f5 16. Qc1 Bd7 17. f3 Nxg3 18. hxg3 Rae8 19. Kf2 f4 20. exf4 gxf4 21. gxf4 Qh4+ 22. Kg1 Rxf4 23. Qe1 Qg5 24. Rd1 Rh4 25. f4 Rxf4 26. Nf3 Qg7 27. Qd2 Rg4 28. Ne1 Rg5 29. Bf3 Bc6 30. Qf4 Na4 31. c4 Nc3 32. Qd6 Nxd1 33. Bxd1 Qd4+ 34. Kh2 Qxd1 35. Rf6 Qh5+ 36. Kg1 Rxe1+ 37. Kf2 Qe2# 0-1

[Event "Harrogate 4NCL op-A 21st"]
[Site "Harrogate"]
[Date "2019.01.18"]
[Round "1"]
[White "Bennett, Eric"]
[Black "Jarmany, John"]
[Result "0-1"]
[WhiteElo "1845"]
[BlackElo "2109"]
[PlyCount "116"]
[EventDate "2019.01.18"]
[EventType "swiss"]
[EventRounds "5"]
[EventCountry "ENG"]
[SourceTitle "CBM 188 Extra"]
[Source "ChessBase"]
[SourceDate "2019.02.26"]
[SourceVersion "1"]
[SourceVersionDate "2019.02.26"]
[SourceQuality "1"]

1. f4 d5 2. Nf3 Nc6 3. e3 Bg4 4. d4 f6 5. c4 e6 6. Nc3 Bb4 7. Be2 Nge7 8. a3 Bxc3+ 9. bxc3 0-0 10. 0-0 Kh8 11. a4 Na5 12. Ba3 Re8 13. Bxe7 Qxe7 14. Nd2 Bxe2 15. Qxe2 c5 16. e4 cxd4 17. cxd4 dxe4 18. Qxe4 Qb4 19. Qc2 Rad8 20. Rab1 Qd6 21. Nf3 Qxf4 22. Kh1 Qc7 23. c5 Nc6 24. Qb2 Re7 25. Rfe1 Qf4 26. Rbd1 Qf5 27. Qb5 Qd5 28. h3 Qd7 29. Qc4 Qd5 30. Qb5 Rdd7 31. Kh2 Qf5 32. Qb3 Qf4+ 33. Kh1 Qf5 34. Kh2 g5 35. Kg1 h5 36. Rf1 Qg6 37. d5 exd5 38. Rxd5 Qf7 39. Rfd1 Nb4 40. Nxg5 Qg8 41. Qxb4 Rxd5 42. Rxd5 Qxd5 43. Nf3 Rc7 44. Qf4 Qxc5+ 45. Kh2 Kg7 46. Qg3+ Kf7 47. Qf4 Rd7 48. Qh6 Qc7+ 49. Kh1 Rd1+ 50. Ng1 Qc1 51. Qxh5+ Kg7 52. Qg4+ Kf8 53. Qb4+ Ke8 54. Qb5+ Kd8 55. Qa5+ b6 56. Qxa7 Rxg1+ 57. Kh2 Rh1+ 58. Kg3 Qc7+ 0-1

[Event "GBR-ch 105th"]
[Site "Hull"]
[Date "2018.08.01"]
[Round "5"]
[White "Jarmany, John"]
[Black "Ratnesan, Ranesh"]
[Result "0-1"]
[WhiteElo "2110"]
[BlackElo "2073"]
[PlyCount "122"]
[EventDate "2018.07.28"]
[EventType "swiss"]
[EventRounds "9"]
[EventCountry "ENG"]
[SourceTitle "CBM 185 Extra"]
[Source "ChessBase"]
[SourceDate "2018.07.29"]
[SourceVersion "1"]
[SourceVersionDate "2018.07.29"]
[SourceQuality "1"]

1. d4 Nf6 2. c4 g6 3. Nf3 Bg7 4. g3 0-0 5. Bg2 d6 6. Nc3 c6 7. 0-0 Qa5 8. Bd2 Qa6 9. b3 b5 10. cxb5 cxb5 11. a4 bxa4 12. Rxa4 Qb6 13. Ne5 Bb7 14. Nc4 Qc7 15. d5 Nbd7 16. Nb5 Qb8 17. Be3 a6 18. Nc3 Ng4 19. Bd4 Nge5 20. Na5 Qc7 21. f4 Ng4 22. Bxg7 Kxg7 23. Qd4+ Ngf6 24. e4 Rab8 25. e5 dxe5 26. fxe5 Qxe5 27. Qxe5 Nxe5 28. Nxb7 Rxb7 29. d6 Rxb3 30. dxe7 Re8 31. Rxa6 Rxc3 32. Raxf6 Rxe7 33. R6f2 Ng4 34. Rd2 h5 35. Bf3 Ne5 36. Kg2 Nc4 37. Re2 Rxe2+ 38. Bxe2 Ne3+ 39. Kf2 Nxf1 40. Kxf1 h4 41. Kf2 hxg3+ 42. hxg3 f5 43. Kg2 g5 44. Kf2 Kf6 45. Kg2 Ke5 46. Kf2 Ke4 47. Bd1 Rc1 48. Bf3+ Kd4 49. Ke2 Rc2+ 50. Kf1 Ke3 51. Bb7 f4 52. gxf4 gxf4 53. Kg1 f3 54. Ba6 Rg2+ 55. Kh1 Ra2 56. Bb5 Kf2 57. Kh2 Ra8 58. Kh3 Rg8 59. Bc6 Ke2 60. Kh2 f2 61. Be4 Rh8+ 0-1

[Event "GBR-ch 105th"]
[Site "Hull"]
[Date "2018.07.30"]
[Round "3"]
[White "Miller, Dominic"]
[Black "Jarmany, John"]
[Result "1-0"]
[WhiteElo "2017"]
[BlackElo "2110"]
[PlyCount "51"]
[EventDate "2018.07.28"]
[EventType "swiss"]
[EventRounds "9"]
[EventCountry "ENG"]
[SourceTitle "CBM 185 Extra"]
[Source "ChessBase"]
[SourceDate "2018.07.29"]
[SourceVersion "1"]
[SourceVersionDate "2018.07.29"]
[SourceQuality "1"]

1. e4 c6 2. d4 d5 3. exd5 cxd5 4. c4 Nf6 5. Nc3 Nc6 6. Nf3 Bg4 7. cxd5 Nxd5 8. Bb5 Nxc3 9. bxc3 Qd5 10. c4 Qe4+ 11. Be3 0-0-0 12. Bxc6 Qxc6 13. Ne5 Bxd1 14. Nxc6 bxc6 15. Rxd1 e6 16. Ke2 Rd7 17. Rd3 Be7 18. Rb1 Rhd8 19. Rdb3 Rc7 20. Bf4 Bf6 21. Rb8+ Kd7 22. Bxc7 Kxc7 23. R1b7+ Kd6 24. c5+ Kd5 25. Rxd8+ Bxd8 26. Rd7+ 1-0

[Event "GBR-ch 105th"]
[Site "Hull"]
[Date "2018.07.29"]
[Round "2"]
[White "Jarmany, John"]
[Black "Ghasi, Ameet K"]
[Result "0-1"]
[WhiteElo "2110"]
[BlackElo "2494"]
[PlyCount "110"]
[EventDate "2018.07.28"]
[EventType "swiss"]
[EventRounds "9"]
[EventCountry "ENG"]
[SourceTitle "CBM 185 Extra"]
[Source "ChessBase"]
[SourceDate "2018.07.29"]
[SourceVersion "1"]
[SourceVersionDate "2018.07.29"]
[SourceQuality "1"]

1. d4 Nf6 2. c4 g6 3. Nf3 Bg7 4. g3 0-0 5. Bg2 c6 6. 0-0 d5 7. cxd5 cxd5 8. Nc3 e6 9. Bf4 Nc6 10. Rc1 Bd7 11. Bd6 Re8 12. Ne5 Qb6 13. Bc5 Qa6 14. e3 b6 15. Bd6 Rac8 16. a4 Qb7 17. Qe2 Red8 18. Nxc6 Bxc6 19. Be5 Ne8 20. Bxg7 Kxg7 21. Rfd1 Nd6 22. Bf1 h5 23. h4 Qe7 24. b3 Rh8 25. f4 Rc7 26. Qd2 Rhc8 27. Bd3 Rb8 28. Qe2 Rbc8 29. Qd2 Ne8 30. Nb1 Nf6 31. Rc2 Be8 32. Rdc1 Rxc2 33. Rxc2 Rxc2 34. Bxc2 b5 35. Qc3 Qb7 36. Kf2 bxa4 37. bxa4 Bxa4 38. Nd2 Bxc2 39. Qxc2 Qb4 40. Ke2 a5 41. Qc5 Qxd2+ 42. Kxd2 Ne4+ 43. Kc2 Nxc5 44. dxc5 Kf8 45. Kb3 Ke7 46. Ka4 Kd7 47. Kxa5 Kc6 48. Kb4 f6 49. Kc3 Kxc5 50. Kd3 e5 51. e4 f5 52. exf5 e4+ 53. Ke3 gxf5 54. g4 d4+ 55. Ke2 fxg4 0-1

[Event "Telford 4NCL op-A 19th"]
[Site "Telford"]
[Date "2018.07.14"]
[Round "2"]
[White "Jarmany, John"]
[Black "Munshi, Aditya"]
[Result "1-0"]
[WhiteElo "2110"]
[BlackElo "1953"]
[PlyCount "145"]
[EventDate "2018.07.13"]
[EventType "swiss"]
[EventRounds "5"]
[EventCountry "ENG"]
[SourceTitle "CBM 185 Extra"]
[Source "ChessBase"]
[SourceDate "2018.07.29"]
[SourceVersion "1"]
[SourceVersionDate "2018.07.29"]
[SourceQuality "1"]

1. d4 Nf6 2. c4 e6 3. Nc3 Bb4 4. Qc2 d5 5. cxd5 Qxd5 6. Nf3 Qf5 7. Qxf5 exf5 8. Bd2 c6 9. e3 Nbd7 10. Bd3 Nb6 11. a3 Bd6 12. 0-0 a5 13. Rfd1 0-0 14. Be1 Re8 15. Nd2 a4 16. Rac1 Bd7 17. g3 g6 18. Nf1 Be6 19. Nd2 Nbd5 20. Nxd5 Bxd5 21. Bc4 Bc7 22. Bxd5 Nxd5 23. Nb1 Ra6 24. Nc3 Rd8 25. Kf1 Kg7 26. Ke2 Raa8 27. Nxd5 Rxd5 28. Bb4 Bd6 29. Rc4 Ra6 30. Rdc1 Rb6 31. Bc3 Ra6 32. Bd2 Rb5 33. R4c2 Rb3 34. Bc3 Kf8 35. f3 Rb5 36. Rd1 Ra8 37. Rcd2 Rb3 38. Kd3 b5 39. Kc2 b4 40. axb4 Bxb4 41. Ra1 Bxc3 42. bxc3 Rb6 43. Ra3 Rab8 44. Rxa4 Rb2+ 45. Kd3 Rxd2+ 46. Kxd2 Rb2+ 47. Kd3 Rxh2 48. e4 Rh3 49. exf5 Rxg3 50. Ke3 gxf5 51. Kf4 Rg6 52. Kxf5 h5 53. Ra1 Kg7 54. Rh1 Rf6+ 55. Ke4 Re6+ 56. Kd3 Kh6 57. c4 Rf6 58. Rh3 Kg5 59. d5 cxd5 60. cxd5 Rf4 61. Ke3 Rf5 62. Ke4 Kf6 63. f4 Kg6 64. d6 Ra5 65. d7 Ra8 66. Ke5 Rd8 67. Rg3+ Kh6 68. Kd6 h4 69. Rg4 Kh5 70. Rg5+ Kh6 71. Ke7 Rxd7+ 72. Kxd7 f6 73. Rg8 1-0

[Event "Doncaster 4NCL op-A 18th"]
[Site "Doncaster"]
[Date "2018.04.13"]
[Round "1"]
[White "Towers, Brian"]
[Black "Jarmany, John"]
[Result "0-1"]
[WhiteElo "1785"]
[BlackElo "2114"]
[PlyCount "58"]
[EventDate "2018.04.13"]
[EventType "swiss"]
[EventRounds "5"]
[EventCountry "ENG"]
[SourceTitle "CBM 184 Extra"]
[Source "ChessBase"]
[SourceDate "2018.06.28"]
[SourceVersion "1"]
[SourceVersionDate "2018.06.28"]
[SourceQuality "1"]

1. d4 d5 2. Bf4 Nf6 3. e3 c5 4. c3 Nc6 5. Nd2 e6 6. Ngf3 Bd6 7. Bg3 Bxg3 8. hxg3 Qd6 9. Bd3 e5 10. dxe5 Nxe5 11. Nxe5 Qxe5 12. Nf3 Qe7 13. Bb5+ Kf8 14. Qc2 g6 15. 0-0-0 c4 16. e4 a6 17. Qa4 Qc5 18. exd5 Qxb5 19. Qa3+ Kg7 20. d6 Re8 21. Nd4 Qg5+ 22. Kb1 Bd7 23. Qb4 b5 24. Qa5 Qc5 25. Ka1 Ne4 26. b4 cxb3 27. Nxb3 Qxc3+ 28. Qxc3+ Nxc3 29. Rc1 Rac8 0-1

[Event "Harrogate 4NCL op-A 17th"]
[Site "Harrogate"]
[Date "2018.01.20"]
[Round "2"]
[White "Wells, Peter K"]
[Black "Jarmany, John"]
[Result "1-0"]
[WhiteElo "2443"]
[BlackElo "2110"]
[PlyCount "85"]
[EventDate "2018.01.19"]
[EventType "swiss"]
[EventRounds "5"]
[EventCountry "ENG"]
[SourceTitle "CBM 182 Extra"]
[Source "ChessBase"]
[SourceDate "2018.02.23"]
[SourceVersion "1"]
[SourceVersionDate "2018.02.23"]
[SourceQuality "1"]

1. e4 c6 2. d4 d5 3. e5 c5 4. dxc5 Nc6 5. Nf3 e6 6. a3 Bxc5 7. b4 Bb6 8. Bb2 Nge7 9. Bd3 Ng6 10. h4 Qc7 11. Bxg6 hxg6 12. Nbd2 Qe7 13. c4 Bd7 14. Rc1 Rd8 15. c5 Bc7 16. b5 Na5 17. Qe2 Rc8 18. a4 Bd8 19. Qe3 Qf8 20. g3 a6 21. Ba3 Be7 22. c6 Bxa3 23. cxd7+ Kxd7 24. Rxc8 Kxc8 25. 0-0 axb5 26. axb5 Qc5 27. Qf4 Rf8 28. Qa4 b6 29. Rb1 Kb7 30. Nb3 Nxb3 31. Qa6+ Kb8 32. Rxb3 Bc1 33. Rb1 Rc8 34. Ra1 Kc7 35. Qa7+ Kd8 36. Qxf7 Qe7 37. Qxg6 Bd2 38. Ra2 Bc3 39. Ng5 Kd7 40. Nxe6 Bxe5 41. Ra7+ Bc7 42. Nxc7 Rxc7 43. Qc6+ 1-0

[Event "Coventry 4NCL op-A 16th"]
[Site "Coventry"]
[Date "2017.11.05"]
[Round "4"]
[White "Hebden, Mark"]
[Black "Jarmany, John"]
[Result "1/2-1/2"]
[WhiteElo "2460"]
[BlackElo "2095"]
[PlyCount "134"]
[EventDate "2017.11.03"]
[EventType "swiss"]
[EventRounds "5"]
[EventCountry "ENG"]
[SourceTitle "CBM 181 Extra"]
[Source "ChessBase"]
[SourceDate "2017.12.12"]
[SourceVersion "1"]
[SourceVersionDate "2017.12.12"]
[SourceQuality "1"]

1. d4 d5 2. Nf3 Nf6 3. c4 c6 4. e3 Bf5 5. Nc3 dxc4 6. Bxc4 e6 7. 0-0 Nbd7 8. Qe2 Ne4 9. Rd1 Be7 10. Bd3 Nxc3 11. bxc3 Bxd3 12. Rxd3 Qc7 13. e4 b5 14. Bg5 f6 15. Be3 Nb6 16. d5 cxd5 17. Bxb6 Qxb6 18. exd5 e5 19. Nh4 g6 20. Qe4 Qd6 21. Re1 Rc8 22. Rh3 Kf7 23. Qd3 a6 24. f4 Qc5+ 25. Kh1 Bd6 26. fxe5 Bxe5 27. Nf3 Bxc3 28. Rd1 Qd6 29. Qe3 Kg7 30. Qh6+ Kf7 31. Rf1 Qxd5 32. Ng5+ Kg8 33. Nxh7 Qf7 34. Qc1 Rxh7 35. Rxc3 Rc4 36. h3 Qd5 37. Rxc4 bxc4 38. Qc3 Rf7 39. Rf4 Qd3 40. Qxc4 Qxc4 41. Rxc4 Kg7 42. Rc6 Ra7 43. a4 a5 44. Kh2 g5 45. Rc5 Kf7 46. Kg3 Kg6 47. Kf3 Kf7 48. Ke4 Kg6 49. Kf3 Kf7 50. Kg3 Kg7 51. h4 gxh4+ 52. Kxh4 Kh6 53. Rf5 Kg6 54. Kg4 Ra8 55. Rb5 Ra7 56. Kf4 Ra6 57. g3 Ra7 58. Rd5 Ra8 59. Ke4 Ra7 60. Kd4 f5 61. Ke3 Kg5 62. Kf3 Rb7 63. Rxa5 Rb3+ 64. Kf2 Kg4 65. Ra8 Rf3+ 66. Ke2 Kxg3 67. a5 Ra3 1/2-1/2

[Event "Coventry 4NCL op-A 16th"]
[Site "Coventry"]
[Date "2017.11.03"]
[Round "1"]
[White "Jarmany, John"]
[Black "Tan, Justin Hy"]
[Result "0-1"]
[WhiteElo "2095"]
[BlackElo "2453"]
[PlyCount "70"]
[EventDate "2017.11.03"]
[EventType "swiss"]
[EventRounds "5"]
[EventCountry "ENG"]
[SourceTitle "CBM 181 Extra"]
[Source "ChessBase"]
[SourceDate "2017.12.12"]
[SourceVersion "1"]
[SourceVersionDate "2017.12.12"]
[SourceQuality "1"]

1. d4 Nf6 2. Nf3 d5 3. e3 c5 4. b3 Nc6 5. Bd3 Bg4 6. Bb2 cxd4 7. exd4 e6 8. Nbd2 Bd6 9. a3 0-0 10. h3 Bh5 11. g4 Bg6 12. Qe2 Qc7 13. Bxg6 hxg6 14. Ne5 Nd7 15. Ndf3 Rac8 16. h4 Ncxe5 17. dxe5 Qxc2 18. exd6 Qxe2+ 19. Kxe2 Rc2+ 20. Nd2 Rxb2 21. Rhc1 b6 22. Rc7 Rd8 23. b4 Ne5 24. Kd1 Rxd6 25. f3 Nc4 26. Rc8+ Kh7 27. Nb3 f6 28. Rc1 Rg2 29. g5 Rg4 30. Ke2 Rf4 31. Rh1 d4 32. gxf6 d3+ 33. Kf2 Ne5 34. Rh3 Rxf6 35. Ke3 Rxf3+ 0-1

[Event "Doncaster 4NCL op-A 15th"]
[Site "Doncaster"]
[Date "2017.09.10"]
[Round "4"]
[White "Jarmany, John"]
[Black "Camp, Imogen AL"]
[Result "1-0"]
[WhiteElo "2085"]
[BlackElo "1820"]
[PlyCount "79"]
[EventDate "2017.09.08"]
[EventType "swiss"]
[EventRounds "5"]
[EventCountry "ENG"]
[SourceTitle "CBM 180 Extra"]
[Source "ChessBase"]
[SourceDate "2017.10.06"]
[SourceVersion "1"]
[SourceVersionDate "2017.10.06"]
[SourceQuality "1"]

1. d4 d5 2. c4 e6 3. Nf3 Nf6 4. Nc3 Be7 5. e3 c6 6. Qc2 0-0 7. b3 Nbd7 8. Bb2 Re8 9. Bd3 Nf8 10. 0-0 Bd6 11. e4 dxe4 12. Nxe4 Nxe4 13. Bxe4 Ng6 14. g3 Qc7 15. c5 Be7 16. Ne5 Bd7 17. h4 Nf8 18. f4 f6 19. Nf3 Red8 20. Kg2 Be8 21. Rae1 Bg6 22. f5 exf5 23. Bxf5 Bxf5 24. Qxf5 Rd5 25. Qe4 Bd8 26. Bc1 Qd7 27. Re2 Bc7 28. Rfe1 Rd8 29. Bf4 Bxf4 30. Qxf4 Ng6 31. Qe4 Kf7 32. b4 a6 33. a3 Kf8 34. Kh2 Qf7 35. Kg1 R8d7 36. Ng5 Qe7 37. Qf3 Ne5 38. dxe5 Rd3 39. Qg2 Kg8 40. exf6 1-0

[Event "Wakefield 4NCL op 13th"]
[Site "Wakefield"]
[Date "2017.04.09"]
[Round "4"]
[White "Jarmany, John"]
[Black "Wells, Jonathan C"]
[Result "1/2-1/2"]
[WhiteElo "2139"]
[BlackElo "2018"]
[PlyCount "26"]
[EventDate "2017.04.07"]
[EventType "swiss"]
[EventRounds "5"]
[EventCountry "ENG"]
[SourceTitle "CBM 177 Extra"]
[Source "ChessBase"]
[SourceDate "2017.04.27"]
[SourceVersion "1"]
[SourceVersionDate "2017.04.27"]
[SourceQuality "1"]

1. d4 Nf6 2. c4 g6 3. Nc3 d5 4. Bf4 Bg7 5. e3 c5 6. Nf3 Nc6 7. dxc5 Qa5 8. Qd2 Ne4 9. Nxe4 dxe4 10. Qxa5 Nxa5 11. Nd2 Bxb2 12. Rb1 Bc3 13. Kd1 f5 1/2-1/2

[Event "Blackpool op 41st"]
[Site "Blackpool"]
[Date "2017.03.10"]
[Round "1"]
[White "Doran, Chris"]
[Black "Jarmany, John"]
[Result "0-1"]
[WhiteElo "1969"]
[BlackElo "2144"]
[PlyCount "78"]
[EventDate "2017.03.10"]
[EventType "swiss"]
[EventRounds "5"]
[EventCountry "ENG"]
[SourceTitle "CBM 177 Extra"]
[Source "ChessBase"]
[SourceDate "2017.04.27"]
[SourceVersion "1"]
[SourceVersionDate "2017.04.27"]
[SourceQuality "1"]

1. e4 e5 2. Nf3 Nc6 3. Bb5 Nf6 4. d3 Bc5 5. 0-0 d6 6. Nc3 a6 7. Ba4 0-0 8. Bg5 h6 9. Bh4 Bg4 10. Bxc6 bxc6 11. Ne2 g5 12. Bg3 Qd7 13. Qd2 Bxf3 14. gxf3 Qe6 15. d4 Bb6 16. Rad1 Kh7 17. Qd3 Rg8 18. Kg2 h5 19. h3 Rg6 20. Rh1 h4 21. Bh2 Rag8 22. Rdg1 Nh5 23. Kf1 Qxa2 24. Nc3 Qe6 25. dxe5 dxe5 26. Rg4 Nf6 27. Rgg1 Qxh3+ 28. Ke2 Qe6 29. Qxa6 Qd6 30. Qc4 Qe7 31. Nd1 Nh5 32. Ne3 Bxe3 33. fxe3 Rd8 34. Rd1 Rgd6 35. Rxd6 Rxd6 36. Rg1 f6 37. f4 Qd7 38. fxg5 Rd2+ 39. Ke1 Rxh2 0-1

[Event "Newport Pagnell 4NCL op 11th"]
[Site "Newport Pagnell"]
[Date "2016.11.05"]
[Round "3.18"]
[White "Jarmany, John"]
[Black "Okhai, Shabir"]
[Result "1/2-1/2"]
[WhiteElo "2139"]
[BlackElo "2072"]
[PlyCount "80"]
[EventDate "2016.11.04"]
[EventType "swiss"]
[EventRounds "5"]
[EventCountry "ENG"]
[SourceTitle "EXT 2023"]
[Source "ChessBase"]
[SourceDate "2022.10.05"]
[SourceVersion "1"]
[SourceVersionDate "2022.10.05"]
[SourceQuality "1"]

1. d4 Nf6 2. c4 e6 3. Nf3 d5 4. g3 Be7 5. Bg2 c6 6. Nc3 0-0 7. Nd2 b6 8. e4 Bb7 9. e5 Ne8 10. cxd5 cxd5 11. 0-0 Nc6 12. Nf3 Rc8 13. Be3 Na5 14. Nd2 Bb4 15. Rc1 Bxc3 16. Rxc3 Rxc3 17. bxc3 Ba6 18. Re1 Nc7 19. Bf1 Bxf1 20. Kxf1 Nb5 21. Qg4 f5 22. exf6 Qxf6 23. Bf4 Qf5 24. Qxf5 exf5 25. Re7 Nc6 26. Re3 Rc8 27. Nb3 Kf7 28. Ke2 Nc7 29. Bxc7 Rxc7 30. Nd2 b5 31. Nf3 Kf6 32. h4 h6 33. Kd2 b4 34. Ne5 a5 35. Nxc6 Rxc6 36. cxb4 axb4 37. Rb3 Ra6 38. Rxb4 Rxa2+ 39. Ke3 Ra3+ 40. Ke2 Ra6 1/2-1/2

[Event "Newport Pagnell 4NCL op 11th"]
[Site "Newport Pagnell"]
[Date "2016.11.04"]
[Round "1"]
[White "Cobb, James"]
[Black "Jarmany, John"]
[Result "1-0"]
[WhiteElo "2434"]
[BlackElo "2139"]
[PlyCount "137"]
[EventDate "2016.11.04"]
[EventType "swiss"]
[EventRounds "5"]
[EventCountry "ENG"]
[SourceTitle "CBM 175 Extra"]
[Source "ChessBase"]
[SourceDate "2016.12.12"]
[SourceVersion "1"]
[SourceVersionDate "2016.12.12"]
[SourceQuality "1"]

1. Nf3 d5 2. g3 Nf6 3. Bg2 g6 4. 0-0 Bg7 5. d4 0-0 6. Nbd2 c6 7. b3 Bf5 8. Bb2 Nbd7 9. Nh4 Ne4 10. Nxf5 gxf5 11. c4 e6 12. Nf3 Rc8 13. e3 Qf6 14. Qe2 a6 15. Rac1 Qe7 16. Rc2 Rfd8 17. cxd5 cxd5 18. Rfc1 Qe8 19. Rc7 Rxc7 20. Rxc7 Nd6 21. Ne5 Nxe5 22. dxe5 Nb5 23. Rc2 Na7 24. f4 Nc6 25. g4 fxg4 26. Qxg4 Ne7 27. Bf1 Ng6 28. h4 Kh8 29. Rg2 Qg8 30. Bd3 Ne7 31. Kh2 Re8 32. Kh1 Rd8 33. Qg5 Re8 34. h5 h6 35. Qh4 Qf8 36. Ba3 f5 37. Rc2 Qf7 38. Rc7 Ng6 39. Rxf7 Nxh4 40. Rxb7 Rc8 41. Be7 Nf3 42. Be2 Ne1 43. Kg1 Nc2 44. Kf2 d4 45. exd4 Nxd4 46. Bc4 Rc6 47. Bd6 Kg8 48. Ra7 Nb5 49. Bxe6+ Kh7 50. Bxf5+ Kg8 51. Ra8+ Kf7 52. Be4 Rxd6 53. exd6 Nxd6 54. Bd5+ Ke7 55. Ra7+ Kf8 56. Rxa6 Nf5 57. b4 Bd4+ 58. Kf3 Bc3 59. a3 Ke7 60. Re6+ Kd7 61. Kg4 Nd4 62. Rxh6 Nc2 63. Bc6+ Kc7 64. Be4 Ne3+ 65. Kf3 Bd4 66. Rc6+ Kd7 67. h6 Nf1 68. Rc2 Ke7 69. h7 1-0

[Event "Wakefield 4NCL op-A 8th"]
[Site "Wakefield"]
[Date "2016.04.03"]
[Round "4"]
[White "Jarmany, John"]
[Black "Fletcher, John T"]
[Result "1-0"]
[WhiteElo "2116"]
[BlackElo "1977"]
[PlyCount "47"]
[EventDate "2016.04.01"]
[EventType "swiss"]
[EventRounds "5"]
[EventCountry "ENG"]
[SourceTitle "CBM 171 Extra"]
[Source "ChessBase"]
[SourceDate "2016.04.26"]
[SourceVersion "1"]
[SourceVersionDate "2016.04.26"]
[SourceQuality "1"]

1. d4 Nf6 2. Nf3 e6 3. c4 d5 4. g3 c5 5. cxd5 exd5 6. Bg2 Nc6 7. 0-0 Bg4 8. dxc5 Ne4 9. Nc3 Nxc3 10. bxc3 Bxc5 11. Qb3 Qd7 12. Rd1 Be6 13. Ng5 Na5 14. Qc2 Qb5 15. e4 h6 16. Nxe6 fxe6 17. exd5 0-0 18. Be3 Bxe3 19. fxe3 Qc5 20. Qe4 Qxc3 21. Qxe6+ Kh8 22. Rac1 Qb2 23. Be4 Rf6 24. Rc8+ 1-0

[Event "Wakefield 4NCL op-A 8th"]
[Site "Wakefield"]
[Date "2016.04.01"]
[Round "1"]
[White "Bielby, Paul R"]
[Black "Jarmany, John"]
[Result "0-1"]
[WhiteElo "1895"]
[BlackElo "2116"]
[PlyCount "44"]
[EventDate "2016.04.01"]
[EventType "swiss"]
[EventRounds "5"]
[EventCountry "ENG"]
[SourceTitle "CBM 171 Extra"]
[Source "ChessBase"]
[SourceDate "2016.04.26"]
[SourceVersion "1"]
[SourceVersionDate "2016.04.26"]
[SourceQuality "1"]

1. e4 c6 2. d4 d5 3. exd5 cxd5 4. c4 Nf6 5. Nc3 Nc6 6. Nf3 Bg4 7. Be2 e6 8. Bf4 Bb4 9. 0-0 0-0 10. Qb3 dxc4 11. Qxc4 Bxf3 12. Bxf3 Qxd4 13. Qxd4 Nxd4 14. Bxb7 Bxc3 15. Bxa8 Ne2+ 16. Kh1 Bxb2 17. Bf3 Nxf4 18. Rab1 Bd4 19. Rb7 Nd3 20. Kg1 Bb6 21. a4 Nc5 22. Re7 Nxa4 0-1

[Event "Birmingham 4NCL op-A 7th"]
[Site "Birmingham"]
[Date "2016.01.31"]
[Round "5"]
[White "Arkell, Keith C"]
[Black "Jarmany, John"]
[Result "1-0"]
[WhiteElo "2474"]
[BlackElo "2101"]
[PlyCount "107"]
[EventDate "2016.01.29"]
[EventType "swiss"]
[EventRounds "5"]
[EventCountry "ENG"]
[SourceTitle "CBM 170 Extra"]
[Source "ChessBase"]
[SourceDate "2016.02.25"]
[SourceVersion "1"]
[SourceVersionDate "2016.02.25"]
[SourceQuality "1"]

1. d4 Nf6 2. Nf3 g6 3. b4 d5 4. e3 Bg7 5. c4 0-0 6. cxd5 Nxd5 7. a3 a5 8. b5 a4 9. Bb2 c5 10. bxc6 bxc6 11. Nc3 Be6 12. Rc1 Qb6 13. Qd2 Nd7 14. Be2 Rfb8 15. Nxd5 Bxd5 16. Bc3 Nf6 17. Bb4 Ne4 18. Qc2 e6 19. 0-0 Rc8 20. Bd3 Bb3 21. Qe2 Nf6 22. Ne5 Nd5 23. Bc5 Qa5 24. Qf3 f5 25. e4 fxe4 26. Bxe4 Qc7 27. Rfe1 Bxe5 28. dxe5 Qf7 29. Qg4 Rab8 30. h4 Ne7 31. Bxe7 Qxe7 32. h5 g5 33. Bxc6 h6 34. Qe4 Qf7 35. Bxa4 Bd5 36. Rxc8+ Rxc8 37. Qe3 Rc4 38. Bd1 Qc7 39. Qd2 Qb7 40. Be2 Rf4 41. Bf1 Rg4 42. g3 Qf7 43. Bg2 Bxg2 44. Kxg2 Ra4 45. Qd8+ Kg7 46. Rd1 Ra7 47. Rd3 g4 48. a4 Qb7+ 49. Kg1 Qb1+ 50. Rd1 Qf5 51. Rd7+ Rxd7 52. Qxd7+ Kg8 53. Qe8+ Qf8 54. Qxf8+ 1-0

[Event "Birmingham 4NCL op-A 7th"]
[Site "Birmingham"]
[Date "2016.01.31"]
[Round "4"]
[White "Jarmany, John"]
[Black "Okhai, Shabir"]
[Result "1-0"]
[WhiteElo "2101"]
[BlackElo "2030"]
[PlyCount "91"]
[EventDate "2016.01.29"]
[EventType "swiss"]
[EventRounds "5"]
[EventCountry "ENG"]
[SourceTitle "CBM 170 Extra"]
[Source "ChessBase"]
[SourceDate "2016.02.25"]
[SourceVersion "1"]
[SourceVersionDate "2016.02.25"]
[SourceQuality "1"]

1. d4 d5 2. Nf3 Nf6 3. c4 e6 4. g3 dxc4 5. Qa4+ Nbd7 6. Bg2 c5 7. 0-0 a6 8. Nc3 Nd5 9. dxc5 Bxc5 10. Qxc4 Nxc3 11. Qxc3 0-0 12. Be3 Bxe3 13. Qxe3 Nf6 14. Rfd1 Qa5 15. Ne5 Qb4 16. b3 Ng4 17. Nxg4 Qxg4 18. Rac1 Qb4 19. Rc4 Qa5 20. a4 h6 21. h3 Rd8 22. Rxd8+ Qxd8 23. Rd4 Qc7 24. Qd3 f5 25. e4 Rb8 26. exf5 exf5 27. Rd6 b5 28. Qd5+ Kh7 29. Qe5 Qc2 30. Qe8 Qc7 31. Qe5 Qc2 32. Rc6 Qd1+ 33. Kh2 Bd7 34. Qxb8 Bxc6 35. Bxc6 Qxb3 36. axb5 axb5 37. Qxb5 Qf7 38. Qd5 Qf6 39. Bd7 f4 40. Qf5+ Qxf5 41. Bxf5+ g6 42. Bd7 fxg3+ 43. fxg3 Kg7 44. Kg2 Kf6 45. Kf3 g5 46. Kg4 1-0